Likelihood analysis of seasonal cointegration

Salvato in:
Dettagli Bibliografici
Autore principale: Johansen, Soren
Altri autori: Schaumburg, Ernst
Natura: Libro
Lingua:inglese
Pubblicazione: San Domenico (FI) European University Institute 1997
Serie:EUI Working paper ECO No. 97/16
Soggetti:
Tags: Aggiungi Tag
Nessun Tag, puoi essere il primo ad aggiungerne!!

MARC

LEADER 00000nam a2200000 4500
001 c133426
005 20221124073626.5
041 0 |a eng 
044 |a IT 
245 1 0 |a Likelihood analysis of seasonal cointegration  |c Soren Johansen, Ernst Schaumburg 
264 1 |a San Domenico (FI)  |b European University Institute  |c 1997 
300 |a 39 s. 
490 1 |a EUI Working paper ECO  |v No. 97/16 
830 0 |a EUI Working paper ECO  |v No. 97/16 
610 2 0 |a modely regresné 
610 2 0 |a modelovanie 
610 2 0 |a modelovanie matematické 
100 1 |a Johansen, Soren 
700 1 |a Schaumburg, Ernst